000 01360nam0a2200337 4500
001 RU\NLR\bibl\547521
005 20260406093912.0
010 _a5-94665-156-0
_915000
021 _aRU
_b2004-41480
_92058
035 _a(NLR Aleph) 000539720
090 _a1405193
_c1405193
100 _a20040827d2004 |||y0rusy50 ca
101 0 _arus
102 _aRU
105 _ay |||||||||
200 1 _aСборник текстовых задач по математике
_e1-4 кл.
_fМ.Б. Беденко
210 _aМ.
_cВако
_d2004
215 _a271 с.
_d21
225 1 _aМастерская учителя
606 0 _aМатематика
_jЗадачники
_9922118
_3RU\NLR\auth\6619329
606 0 _aМатематика
_xЗадачи
_xРешение
_xМетодика преподавания
_xНачальная школа
_91332211
_3RU\NLR\auth\66554320
606 0 _aМатематика
_xЗадачи
_xРешение
_xПреподавание
_xНачальная школа
_92173182
_3RU\NLR\auth\661307151
686 _aВ10я711-4
686 _aЧ426.24-2,01
700 1 _4070
_8rus
_7ca
_aБеденко
_bМ. В.
_f1956-
_gМарк Васильевич
_3RU\NLR\AUTH\7767641
_950569
801 0 _aRU
_bNLR
_c20040827
_gPSBO
801 1 _aRU
_bNLR
_c20040827
830 _aАвт. по кн.
942 _cBOOK
980 _aNB